00917cam a2200217 a 450000100100000000500170001000800410002704000130006808200180008110000410009924500400014026000420018030000210022258600450024360001090028865000650039765000670046291000340052995201210056399900150068400000662020200929153948.0730115s1970 sp 001 p spa  aDO-SdBNP aN861.3bD218M1 aMarrero, Vicente,d1922-2000.91836810aNuestro Rubén /cVicente Marrero. aMadrid :bCultura Hispánica,c1970. a135 p. ;c20 cm. aPremio Rubén Darío, Sao Paulo, 1967.10aDARÍO, RUBÉN,q(FÉLIX RUBÉN GARCÍA SARMIENTO),d1867-1916xCRÍTICA E INTERPRETACIÓN918369 4aPoesía nicaragüensexCrítica e interpretación918370 4aLiteratura nicaragüensexCrítica e interpretación918371 aCatalogación por copia / LC 001052708MOaGRbGRcCTd2009-09-01iLF1l0oN861.3 D218Mp6620-10r2020-06-25w2020-06-25y2ZPréstamo interno c6410d6410